Riconosci il Pokémon - Quiz n°41 - Statistics

Statistiche generali
  • Questo quiz è stato fatto 12 volte
  • Il punteggio medio è 9 su 10
Statistiche sulle risposte
Indizio Risposta % Corretto
Generazione Ottava
100%
Tipo Elettro / Buio
92%
Stadio evoluzione Non si evolve
92%
Altezza 0,3 m
83%
Tasso di cattura 180 (33.8%)
83%
Peso 3,0 kg
83%
Sesso 50% ♂, 50% ♀
83%
Tasso di allevamento Medio-Veloce
83%
Abilità Pancialterna
83%
Pokémon Morpeko
75%
Nessun quiz corrispondente trovato
Distribuzione punteggi
Percentuale di utenti per punteggio
Percentile per numero di risposta
I tuoi punteggi nel tempo
Non hai fatto questo quiz